[Event "Chigorin Memorial 30th"]
[Site "St Petersburg"]
[Date "2023.10.27"]
[Round "7"]
[White "Makshanov, Matvey"]
[Black "Kanter, Elizaveta"]
[Result "1-0"]
[WhiteElo "1698"]
[BlackElo "1473"]
[PlyCount "137"]
[EventDate "2023.10.21"]
[EventType "swiss"]
[EventRounds "9"]
[EventCountry "RUS"]
[SourceTitle "CBM 216 Extra"]
[Source "ChessBase"]
[SourceDate "2023.11.30"]
[SourceVersion "1"]
[SourceVersionDate "2023.11.30"]
[SourceQuality "1"]

1. e4 c5 2. Nf3 d6 3. Bb5+ Nd7 4. d4 cxd4 5. Qxd4 a6 6. Bxd7+ Bxd7 7. c4 e5 8. Qd3 b5 9. Nc3 bxc4 10. Qxc4 Be6 11. Qd3 Qc7 12. Be3 Nf6 13. Rc1 Qc4 14. Qxc4 Bxc4 15. Nd2 Be6 16. 0-0 d5 17. exd5 Nxd5 18. Nxd5 Bxd5 19. Nc4 Bxc4 20. Rxc4 Be7 21. Rd1 0-0 22. Rd7 Rfd8 23. Rxd8+ Rxd8 24. f3 h5 25. Kf2 Rb8 26. b3 Rb5 27. Rc8+ Kh7 28. Rc7 Bb4 29. Rxf7 Ra5 30. a4 Rd5 31. Rb7 Bc5 32. Bxc5 Rxc5 33. Ra7 Rc2+ 34. Kg3 Rc3 35. Rxa6 Rxb3 36. Ra5 e4 37. Rxh5+ Kg6 38. Re5 exf3 39. gxf3 Ra3 40. Ra5 Ra1 41. Ra8 Rg1+ 42. Kf2 Rh1 43. Kg2 Ra1 44. a5 Ra2+ 45. Kg3 Ra1 46. a6 Ra4 47. a7 Kf7 48. h4 Kg6 49. f4 Kh7 50. Kg4 Kg6 51. h5+ Kh7 52. Kf5 Ra6 53. Ke5 Ra5+ 54. Kd6 Ra1 55. Ke7 Re1+ 56. Kf7 Ra1 57. f5 Ra5 58. Ke7 Re5+ 59. Kd6 Ra5 60. h6 Ra6+ 61. Ke7 Ra1 62. hxg7 Kxg7 63. f6+ Kh7 64. f7 Re1+ 65. Kd6 Rd1+ 66. Ke5 Re1+ 67. Kd4 Rd1+ 68. Ke3 Re1+ 69. Kf2 1-0

[Event "Chigorin Memorial 29th"]
[Site "St Petersburg"]
[Date "2022.10.28"]
[Round "7"]
[White "Makshanov, Matvey"]
[Black "Sukhov, Artur"]
[Result "0-1"]
[WhiteElo "1639"]
[BlackElo "1962"]
[PlyCount "106"]
[EventDate "2022.10.22"]
[EventType "swiss"]
[EventRounds "9"]
[EventCountry "RUS"]
[SourceTitle "EXT 2024"]
[Source "ChessBase"]
[SourceDate "2023.10.10"]
[SourceVersion "1"]
[SourceVersionDate "2023.10.10"]
[SourceQuality "1"]

1. e4 e6 2. d4 d5 3. Nc3 Bb4 4. exd5 exd5 5. a3 Be7 6. Bd3 Nf6 7. Nge2 0-0 8. 0-0 c6 9. Ng3 g6 10. Bg5 Ng4 11. Bxe7 Qxe7 12. h3 Nh6 13. Qf3 Nd7 14. Rfe1 Qf6 15. Qxf6 Nxf6 16. Re7 Rd8 17. Rae1 Kf8 18. R7e3 Re8 19. f3 Bd7 20. Kf2 Rac8 21. Rxe8+ Nxe8 22. Nge2 Bf5 23. Bxf5 Nxf5 24. g4 Nfd6 25. b3 Nc7 26. Nf4 Ncb5 27. Nfe2 Nxa3 28. Ra1 Nxc2 29. Rxa7 c5 30. dxc5 Rxc5 31. Ra2 Nb4 32. Rd2 Nb5 33. Nxb5 Rxb5 34. Nc3 Rc5 35. Na4 Ra5 36. Nc3 Ra3 37. Nxd5 Nxd5 38. Rxd5 Rxb3 39. h4 Ke7 40. h5 Ke6 41. hxg6 hxg6 42. Rd4 Rc3 43. Rb4 Rc7 44. Rd4 b5 45. Rd8 Rb7 46. Rd2 b4 47. Rb2 Kd5 48. Ke3 Kc4 49. Kd2 b3 50. Rb1 Rd7+ 51. Ke3 Kc3 52. Kf4 Kc2 53. Rh1 b2 0-1

[Event "Chigorin Memorial 29th"]
[Site "St Petersburg"]
[Date "2022.10.24"]
[Round "3"]
[White "Makshanov, Matvey"]
[Black "Yurasov, Matfey"]
[Result "1-0"]
[WhiteElo "1639"]
[BlackElo "1976"]
[PlyCount "35"]
[EventDate "2022.10.22"]
[EventType "swiss"]
[EventRounds "9"]
[EventCountry "RUS"]
[SourceTitle "EXT 2024"]
[Source "ChessBase"]
[SourceDate "2023.10.10"]
[SourceVersion "1"]
[SourceVersionDate "2023.10.10"]
[SourceQuality "1"]

1. e4 c5 2. Nf3 Nc6 3. Bb5 g6 4. Bxc6 bxc6 5. d4 Bg7 6. dxc5 Ba6 7. Nbd2 Qa5 8. Rb1 Qxa2 9. b4 Bc4 10. e5 Rb8 11. Rb2 Qa6 12. b5 Qa5 13. bxc6 Rc8 14. cxd7+ Kxd7 15. c3 Bd5 16. Ne4 e6 17. 0-0 Kc7 18. c4 1-0

[Event "Chigorin Memorial 27th"]
[Site "St Petersburg"]
[Date "2019.10.12"]
[Round "8"]
[White "Makshanov, Matvey"]
[Black "Mkrtchyan, Mariam"]
[Result "0-1"]
[WhiteElo "1753"]
[BlackElo "2039"]
[PlyCount "78"]
[EventDate "2019.10.05"]
[EventType "swiss"]
[EventRounds "9"]
[EventCountry "RUS"]
[SourceTitle "EXT 2021"]
[Source "ChessBase"]
[SourceDate "2020.10.23"]
[SourceVersion "1"]
[SourceVersionDate "2020.10.23"]
[SourceQuality "1"]

1. e4 g6 2. d4 Bg7 3. Nc3 d6 4. Be3 a6 5. a4 Nd7 6. Qd2 b6 7. f3 Bb7 8. Nge2 c5 9. g4 h5 10. g5 e6 11. h4 Ne7 12. Ng3 Qc7 13. Nce2 d5 14. c3 e5 15. Bg2 0-0 16. 0-0 Rad8 17. f4 exd4 18. cxd4 dxe4 19. Bxe4 Bxe4 20. Nxe4 Nf5 21. Bf2 cxd4 22. Rac1 Qb7 23. N2g3 Nxg3 24. Nxg3 Nc5 25. Qd1 Rfe8 26. f5 Ne4 27. f6 Bf8 28. Ne2 d3 29. Nc3 Nxf2 30. Rxf2 Bc5 31. Qf1 Rd4 32. Re1 Rg4+ 33. Kh2 Rxh4+ 34. Kg3 Bxf2+ 35. Qxf2 Rg4+ 36. Kh3 Rxe1 37. Nd5 Qxd5 38. b4 Rh1+ 39. Qh2 Qg2# 0-1

[Event "Chigorin Memorial 27th"]
[Site "St Petersburg"]
[Date "2019.10.08"]
[Round "4"]
[White "Makshanov, Matvey"]
[Black "Korolev, Artem"]
[Result "1-0"]
[WhiteElo "1753"]
[BlackElo "1459"]
[PlyCount "71"]
[EventDate "2019.10.05"]
[EventType "swiss"]
[EventRounds "9"]
[EventCountry "RUS"]
[SourceTitle "EXT 2020"]
[Source "ChessBase"]
[SourceDate "2019.10.17"]
[SourceVersion "1"]
[SourceVersionDate "2019.10.17"]
[SourceQuality "1"]

1. e4 d6 2. d4 Nf6 3. Nc3 e5 4. dxe5 dxe5 5. Qxd8+ Kxd8 6. Bc4 Be6 7. Bxe6 fxe6 8. Be3 Nbd7 9. 0-0-0 Bd6 10. Nf3 Ke7 11. Nd2 a6 12. a4 Bb4 13. Ndb1 Rhd8 14. f3 c6 15. Rd3 Bc5 16. Nd2 b5 17. Rd1 Bxe3 18. Rxe3 Nc5 19. b4 Nxa4 20. Nxa4 bxa4 21. Ra3 a5 22. Rxa4 axb4 23. Rxb4 Nh5 24. Rb7+ Kf6 25. g3 c5 26. Rf1 Ra1+ 27. Kb2 Rxf1 28. Nxf1 Kg6 29. Ne3 Rd2 30. Ng4 Kg5 31. h4+ Kg6 32. Nxe5+ Kh6 33. g4 Nf4 34. Nf7+ Kg6 35. h5+ Kf6 36. e5# 1-0

[Event "Chigorin Memorial 27th"]
[Site "St Petersburg"]
[Date "2019.10.07"]
[Round "3"]
[White "Shalagin, Vladimir"]
[Black "Makshanov, Matvey"]
[Result "1-0"]
[WhiteElo "2042"]
[BlackElo "1753"]
[PlyCount "53"]
[EventDate "2019.10.05"]
[EventType "swiss"]
[EventRounds "9"]
[EventCountry "RUS"]
[SourceTitle "EXT 2020"]
[Source "ChessBase"]
[SourceDate "2019.10.17"]
[SourceVersion "1"]
[SourceVersionDate "2019.10.17"]
[SourceQuality "1"]

1. e4 e5 2. Nf3 Nc6 3. Bc4 Bc5 4. d3 Nf6 5. Bg5 h6 6. Be3 Bb6 7. Nc3 d6 8. Bxb6 axb6 9. a3 0-0 10. h3 Be6 11. Bxe6 fxe6 12. d4 exd4 13. Nxd4 Qe8 14. 0-0 Nxd4 15. Qxd4 e5 16. Qd3 Qe6 17. Kh2 Rf7 18. Rad1 Raf8 19. Qe2 Nh7 20. Nd5 Ng5 21. Rd3 Qd7 22. Rc3 Ne6 23. Qg4 Re8 24. Rxc7 Qb5 25. Rxf7 Qxf1 26. Qg6 Rf8 27. Nf6+ 1-0